| 000 | 00531nam a2200193Ia 4500 | ||
|---|---|---|---|
| 008 | 151119s9999||||xx |||||||||||||| ||und|| | ||
| 082 | _a910 | ||
| 082 | _bGKKV9357 | ||
| 100 | _aघनवटकर सुधीर | ||
| 245 | _aउगवती पूर्व | ||
| 260 | _a-- | ||
| 260 | _b-- | ||
| 260 | _c0 | ||
| 600 | _aघनवटकर सुधीर | ||
| 630 | _aउगवती पूर्व | ||
| 700 | _aघनवटकर सुधीर | ||
| 730 | _aउगवती पूर्व | ||
| 942 | _cBOOK | ||
| 999 |
_c1063673 _d1063670 |
||